| 000 | 00965nam0a22002651 4500 | ||
|---|---|---|---|
| 001 | rc\1115121 | ||
| 005 | 20250622182938.0 | ||
| 035 | _a(NLR Aleph) 006358696 | ||
| 090 |
_a4878793 _c4878793 |
||
| 100 | _a20041126d1982 |||y0rusy50 ca | ||
| 101 | 0 | _arus | |
| 102 | _aRU | ||
| 105 | _aa ||||||||| | ||
| 200 | 1 |
_aМоделирование технологических процессов с помощью ЭВМ _eУчеб. пособие |
|
| 210 |
_aМ. _cМАИ _d1982 |
||
| 215 |
_a43 с. _cил. _d20 |
||
| 300 | _aВ надзаг.: Моск. авиац. ин-т им. Серго Орджоникидзе | ||
| 320 | _aБиблиогр.: с. 43 (9 назв.) | ||
| 700 | 1 |
_aГаврилов _bА.Н. _f1909-1984 _gАнатолий Николаевич |
|
| 701 | 1 |
_aСкородумов _bС.В. _gСтанислав Владимирович |
|
| 801 | 0 |
_aRU _bNLR _gpsbo |
|
| 801 | 1 |
_aRU _bELAR _2rusmarc |
|
| 852 |
_aNLR _j83-4/10524 |
||
| 942 | _cBOOK | ||
| 980 | _aNB | ||